000 00643nam a2200241Ia 4500
003 OSt
005 20221005050214.0
006 a|||||r|||| 00| 0
007 ta
008 221004b |||||||| |||| 00| 0 mal d
024 _a8615
037 _cTextual
040 _aCRL
_cCRL
_bmal
041 _2mal
_amal
082 _aO32,3N05x, K5.2
100 _aDev p Kesava
_9594371
245 0 _aTheranhetutha Kathakal II
260 _aKottayam
_bIndia Press
_c1969
300 _a407p.
_ccm.
650 _aMALAYALAM LITERATURE
_938866
942 _hO32,3N05x, K5.2
_cTEXL
_2cc
999 _c956498
_d956498